| 000 | 00574nam a2200181 a 4500 | ||
|---|---|---|---|
| 001 | 000047689 | ||
| 005 | 20240412074306.0 | ||
| 008 | 180719s2012 dr 000 0 spa d | ||
| 040 |
_aDO-SdBNP _bspa _cBNPHU |
||
| 082 |
_aRD863. 5 _bR333b |
||
| 245 | 0 | 4 |
_aLos regalos del bosque / _cLola Hernández... [et.al]. |
| 260 |
_aSanto Domingo : _bCoca-Cola; _bChips Comunicación Integral, _c2012. |
||
| 300 |
_a30 p. ; _c27 cm. |
||
| 590 | _aInventariado, 2018/VM | ||
| 650 | 0 |
_aCuentos dominicanos _9176 |
|
| 650 | 0 |
_aLiteratura dominicana. _967 |
|
| 700 | 1 |
_aHernández, Lola _975289 |
|
| 999 |
_c47177 _d47177 |
||